English Football Teams with "ll" in their name - Statistics

General Stats
  • This quiz has been taken 28 times
  • The average score is 3 of 5
Answer Stats
Hint Answer % Correct
P Aston Villa
74%
C Hull
65%
C Millwall
61%
1 Gillingham
30%
2 Walsall
30%
No matching quizzes found
Score Distribution
Percent of People with Each Score
Percentile by Number Answered
Your Score History
You have not taken this quiz